Clubs de la Ligue des champions de l'UEFA 2025/26 - Statistiques

Statistiques générales
  • Ce quiz a été pris 4 634 fois
    1 483 depuis la dernière actualisation
  • Le résultat moyen est 29 sur 36
Réponses sur la Carte
Les réponses sont colorées sur une échelle allant du rouge au vert en fonction du pourcentage des utilisateurs qui les ont devinées à leur premier essai. Vous pouvez retrouver ces pourcentages ci-dessous.
 
Statistiques - réponses
Country Teams % Correct
FC Barcelona
97%
Paris Saint-Germain
97%
FC Bayern München
96%
Real Madrid
96%
Manchester City
95%
Club Atlético de Madrid
94%
FC Internazionale Milano
94%
Liverpool
94%
Olympique de Marseille
94%
Arsenal
92%
Borussia Dortmund
92%
SL Benfica
90%
AFC Ajax
89%
AS Monaco
89%
Chelsea
89%
Juventus
88%
Sporting CP
88%
Bayer 04 Leverkusen
83%
SSC Napoli
82%
Galatasaray
81%
Club Brugge KV
80%
Tottenham Hotspur
80%
PSV
77%
Newcastle United
76%
Atalanta BC
74%
Athletic Club
73%
FK Bodø/Glimt
70%
Villarreal
67%
Olympiakos
66%
Pafos
62%
SK Slavia Prague
61%
FC Kairat
58%
FC København
58%
Royale Union Saint-Gilloise
57%
Eintracht Frankfurt
52%
Qarabağ
51%
Aucun quiz correspondant
Distribution des résultats
% des personnes avec chaque résultat
Percentile par nombre de réponses
Votre historique - résultats
Vous n’avez pas pris ce quiz depuis la dernière actualisation